00468nam a2200169Ia 4500003000400000005001700004008004100021040001000062082001500072100001900087245002800106260002000134600001200154942001200166952010300178999001700281OSt20260518142429.0241002s9999 xx 000 0 und d cAACR2 a973.32 PAT aPatman, Wrigth 0aOur American Government aNew York:c1957 aHistory cUC2ddc 00102ddc4070aUITUbUITUd1994-01-01l0o973.32 PATpUC253r2024-10-02 09:31:14w2024-10-02yUC c18580d18580